Catálogo
Digital

Catálogo
Digital

Handbook of lessons to help spanish students learn technical english for the travel and tourism industry. (Record no. 13548)

MARC details
000 -CABECERA
campo de control de longitud fija 01459nam a2200373 4500
003 - IDENTIFICADOR DEL NÚMERO DE CONTROL
campo de control EC-UNACH
005 - FECHA Y HORA DE LA ÚLTIMA TRANSACCIÓN
campo de control 20250424120926.0
006 - CÓDIGOS DE INFORMACIÓN DE LONGITUD FIJA--CARACTERÍSTICAS DEL MATERIAL ADICIONAL
campo de control de longitud fija s||||gr|||| 00| 00
008 - DATOS DE LONGITUD FIJA--INFORMACIÓN GENERAL
campo de control de longitud fija 150116t9999 mx r gr 000 0 spa d
020 ## - NÚMERO INTERNACIONAL ESTÁNDAR DEL LIBRO
Número Internacional Estándar del Libro 978-9942-661-55-5
040 ## - FUENTE DE LA CATALOGACIÓN
Centro catalogador/agencia de origen EC-UNACH
Centro/agencia transcriptor EC-UNACH
041 ## - CÓDIGO DE LENGUA
Código de lengua del texto/banda sonora o título independiente English
082 04 - NÚMERO DE LA CLASIFICACIÓN DECIMAL DEWEY
Número de edición 23
Número de clasificación 428.34
Número de documento/Ítem L017700
100 ## - ENTRADA PRINCIPAL--NOMBRE DE PERSONA
Nombre de persona Ribadeneira Vacacela, Andrea Sofía
245 ## - MENCIÓN DE TÍTULO
Título Handbook of lessons to help spanish students learn technical english for the travel and tourism industry.
250 ## - MENCIÓN DE EDICIÓN
Mención de edición First Edition
264 ## - Producción, publicación, distribución, fabricación y copyright
Lugar de producción, publicación, distribución, fabricación Riobamba - Ecuador
Nombre del de productor, editor, distribuidor, fabricante Editorial UNACH
Fecha de de producción, publicación, distribución, fabricación o copyright 2024
264 ## - Producción, publicación, distribución, fabricación y copyright
Lugar de producción, publicación, distribución, fabricación Producción UNACH
300 ## - DESCRIPCIÓN FÍSICA
Extensión 106 páginas
Otras características físicas Graphic, table
501 ## - NOTA DE "CON"
Nota de “Con” Table of contents
505 ## - NOTA DE CONTENIDO CON FORMATO
Nota de contenido con formato Chapter One. General Basic English to Help Students Learn Technical English -- Chapter Two. English for Specific Purposes in Travel and Tourism -- Chapter Three. Class Plans and Homework Rubrics.
650 ## - PUNTO DE ACCESO ADICIONAL DE MATERIA--TÉRMINO DE MATERIA
Término de materia o nombre geográfico como elemento inicial VERB BE
650 ## - PUNTO DE ACCESO ADICIONAL DE MATERIA--TÉRMINO DE MATERIA
Término de materia o nombre geográfico como elemento inicial LEARNING ENGLISH
650 ## - PUNTO DE ACCESO ADICIONAL DE MATERIA--TÉRMINO DE MATERIA
Término de materia o nombre geográfico como elemento inicial PREPOSITIONS
650 ## - PUNTO DE ACCESO ADICIONAL DE MATERIA--TÉRMINO DE MATERIA
Término de materia o nombre geográfico como elemento inicial ECUADORIAN DESTINATIONS
650 ## - PUNTO DE ACCESO ADICIONAL DE MATERIA--TÉRMINO DE MATERIA
Término de materia o nombre geográfico como elemento inicial BENEFITS OF ECOTOURISM
856 ## - LOCALIZACIÓN Y ACCESO ELECTRÓNICOS
Identificador Uniforme del Recurso <a href="https://doi.org/10.37135/u.editorial.05.144">https://doi.org/10.37135/u.editorial.05.144</a>
Texto de enlace Libro Digital - Handbook of lessons to help spanish students learn technical english for the travel and tourism industry.
942 ## - ELEMENTOS DE PUNTO DE ACCESO ADICIONAL (KOHA)
Fuente del sistema de clasificación o colocación Clasificación Decimal Dewey
Tipo de ítem Koha Libro electrónico
999 ## - NÚMEROS DE CONTROL DE SISTEMA (KOHA)
Koha biblionumber 13548
Holdings
Estado de pérdida Fuente del sistema de clasificación o colocación Estado dañado No para préstamo Localización permanente Ubicación/localización actual Ubicación en estantería Fecha de adquisición Fuente de adquisición Total de préstamos Signatura topográfica completa Código de barras Fecha visto por última vez Número de copia Precio válido a partir de Tipo de ítem Koha Centro de costos
  Clasificación Decimal Dewey     Biblioteca Campus Norte Biblioteca Campus Norte Turismo 24/04/2025 Producción Científica UNACH   428.34 RIB L017700 L017700 24/04/2025 Ej: 01 24/04/2025 Libro electrónico  

Powered by Koha